Sélection de tuiles - Récompenses aux Oscars - Statistiques

Statistiques générales
  • Ce quiz a été pris 66 fois
  • Le résultat moyen est 39 sur 60
Statistiques - réponses
Question Tuile Select % Correct
Sélectionne les acteurs ayant remporté l’Oscar du Meilleur Acteur Leonardo DiCaprio Oui
94%
Sélectionne les acteurs ayant remporté l’Oscar du Meilleur Acteur Bryan Cranston Non
89%
Les films ayant remporté l’Oscar du Meilleur Film Titanic Oui
89%
Sélectionne les acteurs ayant remporté l’Oscar du Meilleur Acteur Johnny Depp Non
87%
Les films ayant remporté l’Oscar du Meilleur Film The Grand Budapest Hotel Non
87%
Sélectionne les réalisateurs ayant remporté l’Oscar du Meilleur Réalisateur Lina Wertmüller Non
84%
Sélectionne les réalisateurs ayant remporté l’Oscar du Meilleur Réalisateur Steven Spielberg Oui
84%
Les films ayant remporté l’Oscar du Meilleur Film Inception Non
83%
Les films ayant remporté l’Oscar du Meilleur Film Avatar Non
81%
Sélectionne les acteurs ayant remporté l’Oscar du Meilleur Acteur Bradley Cooper Non
81%
Sélectionne les acteurs ayant remporté l’Oscar du Meilleur Acteur George Clooney Non
81%
Sélectionne les acteurs ayant remporté l’Oscar du Meilleur Acteur Jack Nicholson Oui
81%
Les films ayant remporté l’Oscar du Meilleur Film Parasite Oui
81%
Sélectionne les films ayant remporté l’Oscar du Meilleur Film d’Animation Les Mondes de Ralph Non
79%
Sélectionne les acteurs ayant remporté l’Oscar du Meilleur Acteur Matt Damon Non
79%
Sélectionne les actrices ayant gagné l’Oscar de la Meilleure Actrice Emma Stone Oui
78%
Sélectionne les actrices ayant gagné l’Oscar de la Meilleure Actrice Marion Cotillard Oui
78%
Sélectionne les actrices ayant gagné l’Oscar de la Meilleure Actrice Scarlett Johansson Non
78%
Sélectionne les actrices ayant gagné l’Oscar de la Meilleure Actrice Angelina Jolie Non
76%
Sélectionne les réalisateurs ayant remporté l’Oscar du Meilleur Réalisateur James Cameron Oui
76%
Les films ayant remporté l’Oscar du Meilleur Film Joker Non
76%
Sélectionne les actrices ayant gagné l’Oscar de la Meilleure Actrice Margot Robbie Non
76%
Sélectionne les réalisateurs ayant remporté l’Oscar du Meilleur Réalisateur Christopher Nolan Oui
75%
Les films ayant remporté l’Oscar du Meilleur Film Pulp Fiction Non
75%
Sélectionne les acteurs ayant remporté l’Oscar du Meilleur Acteur Rami Malek Oui
75%
Sélectionne les actrices ayant gagné l’Oscar de la Meilleure Actrice Emily Blunt Non
73%
Sélectionne les films ayant remporté l’Oscar du Meilleur Film d’Animation Kung Fu Panda Non
73%
Sélectionne les films ayant remporté l’Oscar du Meilleur Film d’Animation Le Voyage de Chihiro Oui
73%
Sélectionne les actrices ayant gagné l’Oscar de la Meilleure Actrice Kate Winslet Oui
68%
Sélectionne les films ayant remporté l’Oscar du Meilleur Film d’Animation Cars Non
67%
Sélectionne les acteurs ayant remporté l’Oscar du Meilleur Acteur Brad Pitt Non
65%
Sélectionne les films ayant remporté l’Oscar du Meilleur Film d’Animation Là-haut Oui
65%
Sélectionne les actrices ayant gagné l’Oscar de la Meilleure Actrice Natalie Portman Oui
65%
Sélectionne les acteurs ayant remporté l’Oscar du Meilleur Acteur Russell Crowe Oui
65%
Sélectionne les acteurs ayant remporté l’Oscar du Meilleur Acteur Jamie Foxx Oui
63%
Sélectionne les actrices ayant gagné l’Oscar de la Meilleure Actrice Julia Roberts Oui
63%
Les films ayant remporté l’Oscar du Meilleur Film Million Dollar Baby Oui
63%
Les films ayant remporté l’Oscar du Meilleur Film Slumdog Millionaire Oui
62%
Les films ayant remporté l’Oscar du Meilleur Film The Revenant Non
62%
Sélectionne les actrices ayant gagné l’Oscar de la Meilleure Actrice Sigourney Weaver Non
60%
Sélectionne les acteurs ayant remporté l’Oscar du Meilleur Acteur Forest Whitaker Oui
59%
Sélectionne les films ayant remporté l’Oscar du Meilleur Film d’Animation Zootopie Oui
59%
Sélectionne les films ayant remporté l’Oscar du Meilleur Film d’Animation Le Château ambulant Non
56%
Sélectionne les films ayant remporté l’Oscar du Meilleur Film d’Animation Vice-versa Oui
56%
Les films ayant remporté l’Oscar du Meilleur Film La La Land Non
54%
Sélectionne les films ayant remporté l’Oscar du Meilleur Film d’Animation WALL-E Oui
52%
Sélectionne les actrices ayant gagné l’Oscar de la Meilleure Actrice Jennifer Lawrence Oui
51%
Sélectionne les réalisateurs ayant remporté l’Oscar du Meilleur Réalisateur Alfred Hitchcock Non
49%
Sélectionne les réalisateurs ayant remporté l’Oscar du Meilleur Réalisateur Damien Chazelle Oui
49%
Sélectionne les réalisateurs ayant remporté l’Oscar du Meilleur Réalisateur David Fincher Non
49%
Sélectionne les films ayant remporté l’Oscar du Meilleur Film d’Animation Soul Oui
49%
Sélectionne les films ayant remporté l’Oscar du Meilleur Film d’Animation Shrek Oui
48%
Sélectionne les réalisateurs ayant remporté l’Oscar du Meilleur Réalisateur Stanley Kubrick Non
46%
Sélectionne les réalisateurs ayant remporté l’Oscar du Meilleur Réalisateur Chloé Zhao Oui
44%
Sélectionne les réalisateurs ayant remporté l’Oscar du Meilleur Réalisateur Quentin Tarantino Non
44%
Sélectionne les réalisateurs ayant remporté l’Oscar du Meilleur Réalisateur Ridley Scott Non
41%
Sélectionne les réalisateurs ayant remporté l’Oscar du Meilleur Réalisateur Kathryn Bigelow Oui
32%
Les films ayant remporté l’Oscar du Meilleur Film Les Infiltrés Oui
32%
Sélectionne les actrices ayant gagné l’Oscar de la Meilleure Actrice Reese Witherspoon Oui
25%
Sélectionne les films ayant remporté l’Oscar du Meilleur Film d’Animation Happy Feet Oui
14%
Aucun quiz correspondant
Distribution des résultats
% des personnes avec chaque résultat
Percentile par nombre de réponses
Votre historique - résultats
Vous n’avez pas pris ce quiz